Statystyki dla Czarnogóra - Podział administracyjny Czarnogóry - Mapa

Kliknij tutaj aby rozwiązać quiz!

Ogólne statystyki

  • Ten quiz został rozwiązany 306 razy
  • Średni wynik to 7 z 24

Odpowiedzi na mapie

Odpowiedzi skodowane kolorowo w zielono-czerwonej skali na mapie do tego quizu, zgodnie z poniższymi procentami.
 

Statystyki odpowiedzi

Odpowiedź% Poprawnych
Podgorica
95%
Bar
69%
Kotor
57%
Cetynia
47%
Budva
43%
Herceg Novi
43%
Nikšić
38%
Žabljak
34%
Tivat
31%
Bijelo Polje
26%
Plav
26%
Ulcinj / Ulqin
26%
Danilovgrad
24%
Andrijevica
22%
Berane
22%
Pljevlja
21%
Rožaje
19%
Tuzi
19%
Kolašin
17%
Mojkovac
14%
Šavnik
14%
Gusinje
10%
Petnjica
9%
Plužine
9%

Rozkład punktacji

Percentyl według liczby udzielonych odpowiedzi

Procent ludzi z każdym wynikiem

Twoja historia wyników

Nie rozwiązałeś tego quizu